000 00990nam a2200301 i 4500
003 EG-GICUC
005 20260506185203.0
008 260506s1921 fr o|||fr|||| 00| 0 fre d
040 _aEG-GiCUC
_bfre
_cEG-GiCUC
_dEG-GiCUC
_eRda
082 0 4 _221
_a343.83
_bVI . P
092 0 4 _221
099 _aLaw1 10 343.83 VI . P 1921
100 1 _aVibert, Ch
_eAuteur
245 1 0 _aPrécis De Médecine Légale /
_cPar Ch. Vibert.
250 _aDixième Édition
264 1 _aParis :
_bLibrairie J.-b. Baillière & Fils,
_c1921.
300 _a858 page :
_bPhotographs;
_c 24 cm.
336 _2rda contenu
_a texte
337 _2rda medias
_aOrdinateur
338 _2 transporteur rda
_a Ressource en ligne
500 _aAvec 4 Planches Et 110 Figures Intercalées Dans Le Texte.
650 1 _aMédecine Légale
_2qrmak
650 1 _aDroit De Panél
_2qrmak
651 1 _2qrmak
856 4 0 _uhttps://fll.law.cu.edu.eg/fulltext/bks/B10-11337.pdf
905 _a54
942 _2ddc
_cBK
_e21
_n0
999 _c76052
_d76052